Guess the GD level by picture: Platformer levels - Statistics

General Stats
  • This quiz has been taken 21 times
  • The average score is 7 of 16
Answer Stats
Picture Answer % Correct
How to Platformer
88%
The Tower
82%
The Sewers
65%
Flipswap Factory
59%
The Cellar
59%
The Secret Hollow
47%
The Tower XXII
47%
Fury of 500
41%
The Abyss
41%
Tower of Rage
41%
Zip Lash
41%
The Towerverse
35%
Forsaken City
29%
Super GD Gem Hunt 64
29%
Twenty Trials
24%
Abandoned Prison
18%
No matching quizzes found
Score Distribution
Percent of People with Each Score
Percentile by Number Answered
Your Score History
You have not taken this quiz